[Event "Challenge"]
[Site "http://www.queenalice.com/game.php?id=1378431"]
[Date "2015.8.19"]
[Round "-"]
[White "signifer"]
[Black "CWF"]
[Result "1-0"]
[WhiteElo "1566"]
[BlackElo "1554"]

1. e4 e6 2. d4 d5 3. exd5 exd5 4. Nc3 Nf6 5. Bg5 Be7 6. Qd2 O-O 7. O-O-O c6 8.
Kb1 h6 9. Bxh6 gxh6 10. Qxh6 Nh7 11. Rd3 Bg5 12. Qh5 Bf5 13. Rg3 f6 14. Bd3 Bxd3
15. cxd3 Qe8 16. Qg4 Kh8 17. Nf3 Rg8 18. Rh3 Nd7 19. Qf5 1-0

[Event "Challenge"]
[Site "http://www.queenalice.com/game.php?id=1378432"]
[Date "2015.8.19"]
[Round "-"]
[White "CWF"]
[Black "alfiere7"]
[Result "1-0"]
[WhiteElo "1844"]
[BlackElo "1614"]

1. Nf3 d5 2. d4 Nc6 3. e3 Bg4 4. Be2 Bxf3 5. Bxf3 e5 6. dxe5 Nxe5 7. Be2 Nf6 8.
O-O Bd6 9. Nd2 Qd7 10. b3 Neg4 11. g3 Be5 12. Rb1 O-O 13. Bb2 Bxb2 14. Rxb2 Ne5
15. Nf3 Nfg4 16. Nxe5 Nxe5 17. f4 Nc6 18. Bb5 a6 19. Bxc6 Qxc6 20. Qc1 Rae8 21.
c3 Qb6 22. Re1 Re4 23. Rbe2 Rfe8 24. Kf2 c5 25. Qd2 Rd8 26. c4 dxc4 27. Qc2 cxb3
28. Qxe4 b2 29. Rb1 Qb5 30. Rexb2 Qa4 31. Qxa4 1-0

[Event "Challenge"]
[Site "http://www.queenalice.com/game.php?id=1378436"]
[Date "2015.8.19"]
[Round "-"]
[White "Ricardoabreu"]
[Black "CWF"]
[Result "1-0"]
[WhiteElo "1652"]
[BlackElo "1476"]

1. e4 e6 2. Qg4 Nf6 3. Qf3 Nc6 4. c3 Ne5 5. Qe2 Be7 6. h3 O-O 7. g4 h6 8. d3 Nh7
9. Nf3 Nxf3+ 10. Qxf3 Rb8 11. Nd2 e5 12. Nc4 d6 13. Ne3 Ng5 14. Qe2 Ne6 15. Nf5
Nf4 16. Qf3 Bh4 17. Nxh4 g5 18. Nf5 Bxf5 19. exf5 f6 20. h4 Kf7 21. hxg5 hxg5
22. Rh7+ Ke8 23. Bd2 Rf7 24. Rxf7 Kxf7 25. O-O-O c6 26. Qh1 Qg8 27. Bxf4 exf4
28. Re1 Qg7 29. d4 Rh8 30. Qf3 Rh4 31. Bc4+ 1-0

[Event "AUTO-OPEN-3529"]
[Site "http://www.queenalice.com/game.php?id=1378514"]
[Date "2015.8.19"]
[Round "1"]
[White "chess3480"]
[Black "CWF"]
[Result "1-0"]
[WhiteElo "1755"]
[BlackElo "1487"]

1. d4 d5 2. c4 e6 3. Nf3 Nf6 4. g3 Bd7 5. Bg2 c6 6. O-O Be7 7. Nbd2 O-O 8. Qc2
h6 9. e4 dxe4 10. Nxe4 Bc8 11. Nxf6+ Bxf6 12. Rd1 Qe7 13. Bf4 Nd7 14. Re1 Qd8
15. Rad1 Bg5 16. Nxg5 hxg5 17. Bc1 1-0

[Event "AUTO-OPEN-3529"]
[Site "http://www.queenalice.com/game.php?id=1378515"]
[Date "2015.8.19"]
[Round "1"]
[White "CWF"]
[Black "chess3480"]
[Result "0-1"]
[WhiteElo "1481"]
[BlackElo "1761"]

1. Nf3 Nf6 2. d4 e6 3. c4 d5 4. cxd5 exd5 5. h3 Bd6 6. a3 c6 7. Bg5 h6 8. Bxf6
Qxf6 9. e3 Bf5 10. Nc3 O-O 11. Bd3 Nd7 12. O-O Rae8 13. Bxf5 Qxf5 14. Rc1 Nb6
15. Nd2 Re6 16. Nf3 Rfe8 17. b4 Nc4 18. Nb1 Rg6 0-1

[Event "AUTO-OPEN-3529"]
[Site "http://www.queenalice.com/game.php?id=1378544"]
[Date "2015.8.19"]
[Round "1"]
[White "CWF"]
[Black "maurice91"]
[Result "1-0"]
[WhiteElo "1686"]
[BlackElo "1871"]

1. Nf3 c5 2. c4 Nc6 3. Nc3 e5 4. e4 Nf6 5. d3 Be7 6. Be2 d6 7. O-O Nd4 8. h3
Nxe2+ 9. Qxe2 h6 10. Nh2 Nh7 11. f4 exf4 12. Bxf4 Bg5 13. Nd5 Be6 14. Bc1 O-O
15. Nf3 Bf6 16. Rb1 Re8 17. Qc2 Rb8 18. b3 b5 19. Bb2 Bxb2 20. Rxb2 b4 21. Qc1
Nf6 22. Rbf2 Qd7 23. Nxf6+ gxf6 24. Qxh6 Qe7 25. Nh4 f5 26. Nxf5 Bxf5 27. Rxf5
f6 28. Rxf6 1-0

[Event "AUTO-OPEN-3529"]
[Site "http://www.queenalice.com/game.php?id=1378545"]
[Date "2015.8.19"]
[Round "1"]
[White "maurice91"]
[Black "CWF"]
[Result "1/2-1/2"]
[WhiteElo "1871"]
[BlackElo "1500"]

1. d4 d5 2. Nf3 Nf6 3. Bf4 e6 4. Nbd2 c5 5. c4 Bd7 6. e3 cxd4 7. exd4 Nc6 8. b3
Bb4 9. a3 Bxd2+ 10. Qxd2 O-O 11. Qd3 Ne7 12. Bg5 Ne4 13. Bxe7 Qxe7 14. c5 a6 15.
Ne5 Rfd8 16. f3 Bb5 17. Qe3 Bxf1 18. Kxf1 Nf6 19. Kf2 Rac8 20. Rhc1 Nd7 21. Nd3
Nb8 22. g3 Nc6 23. b4 Qf6 24. Ne5 Nxe5 25. dxe5 Qe7 26. Rd1 Rc6 27. f4 Rdc8
1/2-1/2

[Event "Challenge"]
[Site "http://www.queenalice.com/game.php?id=1378671"]
[Date "2015.8.19"]
[Round "-"]
[White "Schichtl"]
[Black "CWF"]
[Result "1/2-1/2"]
[WhiteElo "1644"]
[BlackElo "1894"]

1. e4 e6 2. g3 d5 3. e5 c5 4. d3 Nc6 5. c3 Be7 6. f4 f6 7. Nf3 fxe5 8. Nxe5 Nf6
9. Qa4 Bd7 10. Nxd7 Qxd7 11. Bh3 O-O 12. Be3 Nd8 13. Qxd7 Nxd7 14. Bxe6+ Nxe6
15. Nd2 d4 16. Bf2 Rae8 17. c4 Nc7 18. O-O-O Bf6 19. Rhf1 Re7 20. Ne4 b6 21. g4
g6 22. g5 Bg7 23. Bg3 Rf5 24. a3 Ne8 25. Bh4 Ref7 26. Bg3 h6 27. Kc2 Nf8 28. h4
h5 29. Rde1 Ne6 30. Nxc5 bxc5 31. Rxe6 Bf8 32. Rxe8 Kg7 1/2-1/2

[Event "AUTO-INT-3043"]
[Site "http://www.queenalice.com/game.php?id=1379223"]
[Date "2015.8.23"]
[Round "1"]
[White "roli68"]
[Black "CWF"]
[Result "1-0"]
[WhiteElo "1610"]
[BlackElo "1583"]

1. e4 e6 2. d4 d5 3. e5 c5 4. Bb5+ Bd7 5. a4 a6 6. Be2 cxd4 7. Qxd4 Nc6 8. Qf4
Nge7 9. Bh5 g6 10. Be2 Bg7 11. Nf3 Qc7 12. Ng5 O-O 13. Qh4 h6 14. Nh3 Nf5 15.
Qf4 Bxe5 16. Qf3 Bg7 17. c3 b5 18. a5 Nxa5 19. g4 Nh4 20. Qg3 Qxg3 21. hxg3 Ng2+
22. Kf1 Bc6 23. Kxg2 d4+ 24. f3 1-0

[Event "AUTO-INT-3043"]
[Site "http://www.queenalice.com/game.php?id=1379224"]
[Date "2015.8.23"]
[Round "1"]
[White "CWF"]
[Black "roli68"]
[Result "0-1"]
[WhiteElo "1619"]
[BlackElo "1593"]

1. Nf3 f6 2. d4 d5 3. h3 Nc6 4. Bf4 g5 5. Bh2 Nh6 6. e3 e6 7. a3 g4 8. hxg4 Nxg4
9. Be2 h5 10. Nc3 a6 11. Bg3 Na5 12. Nh4 Nc4 13. Bxc4 dxc4 14. Qe2 b5 15. O-O-O
Bh6 16. Kb1 f5 17. Be5 Rg8 18. f4 Rb8 19. g3 Qe7 20. d5 a5 21. dxe6 Bxe6 22. Nd5
Bxd5 23. Rxd5 Rd8 24. Rxd8+ Qxd8 0-1

[Event "AUTO-OPEN-3531"]
[Site "http://www.queenalice.com/game.php?id=1379314"]
[Date "2015.8.24"]
[Round "1"]
[White "CWF"]
[Black "MSchatz"]
[Result "0-1"]
[WhiteElo "1554"]
[BlackElo "2070"]

1. Nf3 Nc6 2. d4 d5 3. h3 Bf5 4. a3 Nf6 5. Bf4 e6 6. e3 Bd6 7. Bxd6 Qxd6 8. c4
dxc4 9. Bxc4 O-O 10. O-O Bg6 11. Nc3 Na5 12. Be2 Nc6 13. Rc1 Ne4 14. Nxe4 Bxe4
15. Nh2 Rab8 16. Bf3 Bxf3 17. Nxf3 Ne7 18. b4 Ng6 19. Rc3 c6 20. Qd2 Rfd8 0-1

[Event "AUTO-OPEN-3531"]
[Site "http://www.queenalice.com/game.php?id=1379315"]
[Date "2015.8.24"]
[Round "1"]
[White "MSchatz"]
[Black "CWF"]
[Result "1-0"]
[WhiteElo "2068"]
[BlackElo "1554"]

1. e4 e6 2. d4 d5 3. exd5 exd5 4. Bd3 Nf6 5. Bf4 Be7 6. h3 O-O 7. Nf3 c6 8. O-O
g6 9. c3 Bd7 10. Nbd2 Re8 11. Re1 Bf8 12. Bg5 Bg7 13. Ne5 Be6 14. Nf1 Nbd7 15.
Nxd7 Qxd7 16. Qf3 Ne4 17. Nd2 Nxg5 18. Qg3 Ne4 19. Nxe4 dxe4 20. Bxe4 1-0

[Event "AUTO-OPEN-3531"]
[Site "http://www.queenalice.com/game.php?id=1379316"]
[Date "2015.8.24"]
[Round "1"]
[White "CWF"]
[Black "magrella"]
[Result "0-1"]
[WhiteElo "1467"]
[BlackElo "1756"]

1. Nf3 h6 2. d4 d5 3. h3 Nf6 4. e3 e6 5. a3 Bd6 6. c4 c5 7. cxd5 exd5 8. Nc3 O-O
9. Be2 c4 10. a4 Nc6 11. b3 Be6 12. O-O Nb4 0-1

[Event "AUTO-INT-3044"]
[Site "http://www.queenalice.com/game.php?id=1379545"]
[Date "2015.8.25"]
[Round "1"]
[White "NickThorp"]
[Black "CWF"]
[Result "1-0"]
[WhiteElo "1654"]
[BlackElo "1515"]

1. e4 e6 2. d4 d5 3. e5 c5 4. Bb5+ Bd7 5. Bxd7+ Qxd7 6. Nf3 cxd4 7. Qxd4 Nc6 8.
Qg4 Nge7 9. Bg5 Ng6 10. Bf4 Nxf4 11. Qxf4 Be7 12. O-O O-O 13. Nc3 f6 14. Rfe1
fxe5 15. Nxe5 1-0

[Event "AUTO-INT-3044"]
[Site "http://www.queenalice.com/game.php?id=1379546"]
[Date "2015.8.25"]
[Round "1"]
[White "CWF"]
[Black "NickThorp"]
[Result "0-1"]
[WhiteElo "1530"]
[BlackElo "1643"]

1. Nf3 d5 2. d4 Nc6 3. h3 Bf5 4. a3 e6 5. e3 Nf6 6. c4 dxc4 7. Bxc4 Bxb1 8. Rxb1
Ne4 9. O-O a6 10. Be2 Bd6 11. Bd2 Nxd2 12. Qxd2 O-O 13. Rfc1 Re8 14. Qd1 Ne7 15.
Rc2 Nd5 16. Rbc1 b5 0-1